Wuthering heights

Bibliographic Details
Main Author: Bronte, Emily 1818-1848
Other Authors: Border, Rosemary 1943-
Format: Book
Language:English
Published: Oxford Oxford University Press 2001
Series:Oxford Bookworms Library
Subjects:
LEADER 00575cam a2200193 a 4500
001 0000132070
005 20120524090000.0
040 |a mod 
041 |a eng 
020 |a 0194230759 (pbk.) 
090 0 0 |a FK  |b BRO  |e 2001 
100 1 |a Bronte, Emily  |d 1818-1848 
245 1 0 |a Wuthering heights  |h Emily Bronte 
260 |a Oxford  |b Oxford University Press  |c 2001 
300 |a 103 p.  |b ill.  |c 20 cm 
490 0 |a Oxford Bookworms Library 
650 0 0 |a Readers (Elementary)  |x Fiction 
700 1 |a Border, Rosemary  |d 1943- 
999 |a B000017781  |b IJED  |d BOOKS  |e Fiksyen (F)  |f 4 DIV  |j AVAILABLE  |q GOOD CONDITION